| 000 | 00544nam a22001937a 4500 | ||
|---|---|---|---|
| 999 |
_c4030 _d4030 |
||
| 005 | 20250106154644.0 | ||
| 008 | 250106b ||||| |||| 00| 0 eng d | ||
| 020 | _a978-1-4351-1123-3 | ||
| 040 | _cKH8 | ||
| 082 | _aPZ8.T446 V | ||
| 100 |
_aTickle,Jack _eAuthor |
||
| 245 |
_aThe very funny frog _cJack Tickle |
||
| 260 |
_aNew York _bSandy Creek _c2010 |
||
| 300 |
_a14 pages _bColour illustration _c25cm |
||
| 650 | _aBG-Juvenile (The very funny frog) | ||
| 650 | _aThe very funny frog | ||
| 700 |
_aTickle,Jack _eAuthor |
||
| 942 |
_2ddc _cFIC |
||